<?xml version="1.0" encoding="UTF-8"?>
<record
    xmlns:xsi="http://www.w3.org/2001/XMLSchema-instance"
    xsi:schemaLocation="http://www.loc.gov/MARC21/slim http://www.loc.gov/standards/marcxml/schema/MARC21slim.xsd"
    xmlns="http://www.loc.gov/MARC21/slim">

  <leader>01230nam a2200277Ia 4500</leader>
  <datafield tag="952" ind1=" " ind2=" ">
    <subfield code="0">0</subfield>
    <subfield code="1">0</subfield>
    <subfield code="4">0</subfield>
    <subfield code="7">0</subfield>
    <subfield code="a">01</subfield>
    <subfield code="b">01</subfield>
    <subfield code="d">2008-07-14</subfield>
    <subfield code="l">38</subfield>
    <subfield code="o">570 A231B</subfield>
    <subfield code="p">01 011421</subfield>
    <subfield code="r">2014-06-09</subfield>
    <subfield code="s">2014-06-09</subfield>
    <subfield code="t">1</subfield>
    <subfield code="w">2012-06-24</subfield>
    <subfield code="y">LB</subfield>
  </datafield>
  <datafield tag="952" ind1=" " ind2=" ">
    <subfield code="0">0</subfield>
    <subfield code="1">0</subfield>
    <subfield code="4">0</subfield>
    <subfield code="7">0</subfield>
    <subfield code="a">01</subfield>
    <subfield code="b">01</subfield>
    <subfield code="d">2008-07-14</subfield>
    <subfield code="l">6</subfield>
    <subfield code="o">570 A231B</subfield>
    <subfield code="p">01 011422</subfield>
    <subfield code="r">2025-02-10</subfield>
    <subfield code="s">2015-11-12</subfield>
    <subfield code="t">2</subfield>
    <subfield code="w">2012-06-24</subfield>
    <subfield code="y">LB</subfield>
  </datafield>
  <datafield tag="952" ind1=" " ind2=" ">
    <subfield code="0">0</subfield>
    <subfield code="1">0</subfield>
    <subfield code="2">lcc</subfield>
    <subfield code="4">0</subfield>
    <subfield code="7">0</subfield>
    <subfield code="a">01</subfield>
    <subfield code="b">01</subfield>
    <subfield code="d">2022-09-08</subfield>
    <subfield code="l">0</subfield>
    <subfield code="o">QH308.2  A8418 2003</subfield>
    <subfield code="p">16 001571</subfield>
    <subfield code="r">2023-07-12</subfield>
    <subfield code="t">1</subfield>
    <subfield code="w">2022-09-08</subfield>
    <subfield code="y">LB</subfield>
  </datafield>
  <datafield tag="952" ind1=" " ind2=" ">
    <subfield code="0">0</subfield>
    <subfield code="1">0</subfield>
    <subfield code="2">lcc</subfield>
    <subfield code="4">0</subfield>
    <subfield code="7">0</subfield>
    <subfield code="a">01</subfield>
    <subfield code="b">01</subfield>
    <subfield code="d">2022-09-08</subfield>
    <subfield code="l">0</subfield>
    <subfield code="o">QH308.2  A8418 2003</subfield>
    <subfield code="p">16 001572</subfield>
    <subfield code="r">2023-07-12</subfield>
    <subfield code="t">2</subfield>
    <subfield code="w">2022-09-08</subfield>
    <subfield code="y">LB</subfield>
  </datafield>
  <datafield tag="952" ind1=" " ind2=" ">
    <subfield code="0">0</subfield>
    <subfield code="1">0</subfield>
    <subfield code="2">lcc</subfield>
    <subfield code="4">0</subfield>
    <subfield code="7">0</subfield>
    <subfield code="a">01</subfield>
    <subfield code="b">01</subfield>
    <subfield code="d">2022-09-08</subfield>
    <subfield code="l">0</subfield>
    <subfield code="o">QH308.2  A8418 2003</subfield>
    <subfield code="p">16 001573</subfield>
    <subfield code="r">2023-07-12</subfield>
    <subfield code="t">3</subfield>
    <subfield code="w">2022-09-08</subfield>
    <subfield code="y">LB</subfield>
  </datafield>
  <datafield tag="952" ind1=" " ind2=" ">
    <subfield code="0">0</subfield>
    <subfield code="1">0</subfield>
    <subfield code="2">lcc</subfield>
    <subfield code="4">0</subfield>
    <subfield code="7">0</subfield>
    <subfield code="a">01</subfield>
    <subfield code="b">01</subfield>
    <subfield code="d">2022-09-08</subfield>
    <subfield code="l">0</subfield>
    <subfield code="o">QH308.2  A8418 2003</subfield>
    <subfield code="p">16 001574</subfield>
    <subfield code="r">2023-07-12</subfield>
    <subfield code="t">4</subfield>
    <subfield code="w">2022-09-08</subfield>
    <subfield code="y">LB</subfield>
  </datafield>
  <datafield tag="999" ind1=" " ind2=" ">
    <subfield code="c">60518</subfield>
    <subfield code="d">60518</subfield>
  </datafield>
  <controlfield tag="008">120622s2003    mx a          000 0 spa d</controlfield>
  <datafield tag="020" ind1=" " ind2=" ">
    <subfield code="a">9702603706</subfield>
  </datafield>
  <datafield tag="050" ind1=" " ind2=" ">
    <subfield code="a">QH308.2 </subfield>
    <subfield code="b">A8418 2003 </subfield>
  </datafield>
  <datafield tag="082" ind1=" " ind2=" ">
    <subfield code="a">570 A231b</subfield>
  </datafield>
  <datafield tag="100" ind1=" " ind2=" ">
    <subfield code="a">Audesirk, Teresa</subfield>
    <subfield code="e">autor</subfield>
  </datafield>
  <datafield tag="240" ind1=" " ind2=" ">
    <subfield code="a">Biology : Life on Earth</subfield>
    <subfield code="l">Espa&#xF1;ol</subfield>
  </datafield>
  <datafield tag="245" ind1=" " ind2=" ">
    <subfield code="a">Biolog&#xED;a </subfield>
    <subfield code="b">: la vida en la tierra </subfield>
    <subfield code="c">/ Teresa Audesirk ; Gerald Audesirk ; Bruce E. Byers : tr. de H&#xE9;ctor J. Escalona Garc&#xED;a y Roberto L. Escalona Garc&#xED;a</subfield>
  </datafield>
  <datafield tag="250" ind1=" " ind2=" ">
    <subfield code="a">6a. edici&#xF3;n</subfield>
  </datafield>
  <datafield tag="260" ind1=" " ind2=" ">
    <subfield code="a">M&#xE9;xico </subfield>
    <subfield code="b">: Pearson Educaci&#xF3;n</subfield>
    <subfield code="c">, 2003</subfield>
  </datafield>
  <datafield tag="300" ind1=" " ind2=" ">
    <subfield code="a">xxxiii, 889 p&#xE1;ginas</subfield>
    <subfield code="b">: ilustraciones</subfield>
  </datafield>
  <datafield tag="500" ind1=" " ind2=" ">
    <subfield code="a">Traducci&#xF3;n de: Biology : Life on Earth</subfield>
  </datafield>
  <datafield tag="503" ind1=" " ind2=" ">
    <subfield code="a">Incluye: Ap&#xE9;ndices, glosario e &#xED;ndices</subfield>
  </datafield>
  <datafield tag="505" ind1=" " ind2=" ">
    <subfield code="a">I. La vida de una c&#xE9;lula  
II. Herencia  
III. Evoluci&#xF3;n  
IV. Anatom&#xED;a y fisiolog&#xED;a de las plantas  
V. Anatom&#xED;a y fisiolog&#xED;a de los animales  
VI. Ecolog&#xED;a</subfield>
  </datafield>
  <datafield tag="519" ind1=" " ind2=" ">
    <subfield code="a">Plan UNAM / </subfield>
    <subfield code="b">Preparatoria / </subfield>
    <subfield code="c">Biolog&#xED;a (1502) / </subfield>
    <subfield code="d">(16 001571)</subfield>
  </datafield>
  <datafield tag="650" ind1=" " ind2=" ">
    <subfield code="a">1. BIOLOGIA</subfield>
  </datafield>
  <datafield tag="700" ind1=" " ind2=" ">
    <subfield code="a"> Byers, Bruce E.</subfield>
    <subfield code="e">autor</subfield>
  </datafield>
  <datafield tag="700" ind1=" " ind2=" ">
    <subfield code="a">Audesirk, Gerald, </subfield>
    <subfield code="e">autor</subfield>
  </datafield>
  <datafield tag="700" ind1=" " ind2=" ">
    <subfield code="a">Escalona y Garc&#xED;a, H&#xE9;ctor Javier</subfield>
    <subfield code="e">traductor</subfield>
  </datafield>
  <datafield tag="700" ind1=" " ind2=" ">
    <subfield code="a">Escalona Garcia, Roberto Luis</subfield>
    <subfield code="e">, traductor.</subfield>
  </datafield>
  <datafield tag="942" ind1=" " ind2=" ">
    <subfield code="c">LB</subfield>
    <subfield code="2">lcc</subfield>
  </datafield>
</record>
